United Kingdom : Staff Report for the 2012 Article IV Consultation.

This 2012 Article IV Consultation reports that the United Kingdom's economic recovery has been sluggish, as the needed hand-off from public to private demand-led growth has not fully materialized. Economic activity is projected to gain modest momentum in future, but the pace of expansion is exp...

詳細記述

書誌詳細
団体著者: International Monetary Fund
フォーマット: 雑誌
言語:English
出版事項: Washington, D.C. : International Monetary Fund, 2012.
シリーズ:IMF Staff Country Reports; Country Report ; No. 2012/190
オンライン・アクセス:Full text available on IMF
LEADER 01660cas a2200241 a 4500
001 AALejournalIMF012008
008 230101c9999 xx r poo 0 0eng d
020 |c 5.00 USD 
020 |z 9781475506464 
022 |a 1934-7685 
040 |a BD-DhAAL  |c BD-DhAAL 
110 2 |a International Monetary Fund. 
245 1 0 |a United Kingdom :   |b Staff Report for the 2012 Article IV Consultation. 
264 1 |a Washington, D.C. :  |b International Monetary Fund,  |c 2012. 
300 |a 1 online resource (107 pages) 
490 1 |a IMF Staff Country Reports 
500 |a <strong>Off-Campus Access:</strong> No User ID or Password Required 
500 |a <strong>On-Campus Access:</strong> No User ID or Password Required 
506 |a Electronic access restricted to authorized BRAC University faculty, staff and students 
520 3 |a This 2012 Article IV Consultation reports that the United Kingdom's economic recovery has been sluggish, as the needed hand-off from public to private demand-led growth has not fully materialized. Economic activity is projected to gain modest momentum in future, but the pace of expansion is expected to be weak relative to the scale of underutilized resources. Executive Directors have welcomed the authorities' efforts aimed at economic rebalancing. However, they have cautioned that a stalling recovery, high unemployment, and uncertain external conditions continue to present significant challenges. 
538 |a Mode of access: Internet 
830 0 |a IMF Staff Country Reports; Country Report ;  |v No. 2012/190 
856 4 0 |z Full text available on IMF  |u http://elibrary.imf.org/view/journals/002/2012/190/002.2012.issue-190-en.xml  |z IMF e-Library